| 000 | 00631nam a2200229Ia 4500 | ||
|---|---|---|---|
| 003 | OSt | ||
| 005 | 20221005083816.0 | ||
| 006 | a|||||r|||| 00| 0 | ||
| 007 | ta | ||
| 008 | 221004b |||||||| |||| 00| 0 eng d | ||
| 024 | _a49190 | ||
| 037 | _cTextual | ||
| 040 |
_aCRL _cCRL _beng |
||
| 041 |
_2eng _aeng |
||
| 082 | _aO111973,3x, M5 | ||
| 245 | 0 |
_aPrize stories _b O. Henry Awards 1985 edited by William Abrahams |
|
| 260 |
_aNew Delhi _bWiley Eastern Limited India _c1985 |
||
| 300 |
_a319p. _ccm. |
||
| 650 | _aENGLISH LITERATURE | ||
| 942 |
_hO111973,3x, M5 _cTEXL _2cc |
||
| 999 |
_c991587 _d991587 |
||